01362cam a22003497a 4500003000500000005001700005008004100022010001000063011001000073035001000083040000900093090001000102100004200112245008900154260004000243300001900283502007700302590003700379590004100416590004200457650003100499650003400530650003100564650003900595901000700634942000900641949004300650949004800693999001700741952012600758952012800884CHAP20220329140446.0971013s1987 r 00010 d a52262 a53234 a57384 cCHAP aTesis00aPonce Javana, Pedro Celestino.99079314aLas tierras comunales del suroeste de Pueblab: problemas de tenencia y producción aChapingo, Méx. :bEl autor,c1987 a93 h.b: mapas aTesis (Ing. Agr. Esp. en Fitotecnia) -- UACH. Departamento de Fitotecnia aALEPHb10c20130110lUCH01h1329 aBATCH-UPDb10c20130110lUCH01h1139 aCONVERSIONb10c20130109lUCH01h132814aAgriculturaxPuebla.9177514aCultivosxRendimiento.93031814aTierras comunales.911327114aTierrasxTenenciaxPuebla.9113193 aBK cFOLL bBCcTESd-124879eTS1h20078i57384si bBCcTESd-124880eTS2fc.2h22394i57384si c52262d52262 00102local4053708TESISaBCbBCcPA_TESISd2019-12-31fTESISl0p-124880r2019-12-31 00:00:00tc.2w2019-12-31yTESIS 00102local4051708TESISaBCbBCcPA_TESISd2019-12-31fTESISl0oTesisp-124879r2019-12-31 00:00:00w2019-12-31yTESIS